000 00639nam a2200277Ia 4500
005 20260324115830.0
008 008 260324s9999 xx 000 0 eng d
020 _a9781315214146
037 _aEBOOK
040 _aCRL
040 _beng
040 _cCRL
041 _2eng
041 _aeng
084 _qCRL
100 _aJoseph E. Fleckenstein
_91156183
245 0 _aThree-Phase Electrical Power
260 _bTaylor and Francis
260 _c2016
365 _a
365 _b320
856 _uhttp://www.taylorfrancis.com/books/9781315214146
942 _cEBOOK
999 _c1747350
_d1747350